LEADER 00849nam a2200193 i 4500 001 000000231655 003 CaOOAMICUS 005 20140806000000.0 008 140806s1794 it u000 u fre u 013 $a210558 026 $aesit 0.n, enla auTo (C) 1794 (F) 040 $aSeMil$bita 245 10$a3.2. 300 $a[5] p., P. 472-930 [i. e. 940]. 500 $aSegn. : 2G8 (-2G1) 2H-2Z8 3A-3M8 3N6. - Le p. 487-496 ripetute nella num. 773 0 $aDupuis, Charles François <1742-1809>$tOrigine de tous les cultes ou religion universelle. Par Dupuis, citoyen francois. Premiere partie du tome 1. [-tome 7.].$dA Paris : Chez H. Agasse, [1794-1795], l'an III de la Republique.$g3$w()30279 850 $aSeMil 852 $aSeMil$W1$xVenegono$y1$m2X II 12 FA$j182001$B182001$CSeMilBibl$Z2$F192969 $8I 996 $6245$a3.2$9(OLS)http://semarc/title/185722 LEADER 00986nam a2200253 i 4500 001 000000112866 003 CaOOAMICUS 005 20050414000000.0 008 050414s1985 it u000 u ita u 013 $a85550 040 $aSeMil$bita 100 1 $aAngelini, Cesare,$c.$0(OLS)http://semarc/name/18192 245 13$aIl Manzoni e le sue idee /$cMons. Cesare Angelini. 250 $aCopia n. 981. 260 $a[S.l. :$bs.n.],$cstampa 1985$e(Pavia :$fAurora,$gstampa 1985) 300 $a21 p. ;$c22 cm. 500 $aFondo Card. C.M. Martini. 650 4$aManzoni, Alessandro <1785-1873> - Pensiero letterario.$0(OLS)http://semarc/subject/2360 850 $aSeMil 852 $aSeMil$W1$xVenegono$y1$m1D V 108$j68583$B68583$CSeMilBibl$Z2$F95867 $81 941 1 $a4 961 $aOmaggio: Martini Card. Carlo Maria 996 $6245$aIl Manzoni e le sue idee$9(OLS)http://semarc/title/164620 996 $6260$a[S.l. :$bs.n.]$9(OLS)http://semarc/publisher/29751